| 000 | 00821nam2a2200241 4500 | ||
|---|---|---|---|
| 001 | RU\NLR\bibl\64814 | ||
| 005 | 20250616092847.0 | ||
| 021 |
_aRU _b98-43006 _92064 |
||
| 035 | _a(NLR Aleph) 000063219 | ||
| 090 |
_a345433 _c345433 |
||
| 100 | _a19991221d1998 |||y0rusy50 ca | ||
| 101 | 0 | _arus | |
| 102 | _aRU | ||
| 105 | _ay ||||||||| | ||
| 200 | 0 | _aЧ. 1 | |
| 215 | _a186,[1] с. | ||
| 461 | 0 |
_1001RU\NLR\bibl\66687 _12001#$aСудебно-арбитражная практика$vЧ. 1 _9356226 _cМ. _d1998 _fСост. В.Н. Цыганаш _nПРИОР _oСб. документов : [В 2 ч.] _tСудебно-арбитражная практика _y5-7990-0182-6 _vЧ. 1 |
|
| 801 | 0 |
_aRU _bNLR _c19991221 _gPSBO |
|
| 801 | 1 |
_aRU _bNLR _c19991221 |
|
| 852 |
_aNLR _j99-3/16904 |
||
| 942 | _cBOOK | ||
| 980 | _aNB | ||